แสดงรายละเอียดบรรณานุกรม
  กลับหน้าหลัก

Brief Record : Get Marc (ISO 2709) : E-mail record : QR code ปิดหน้าต่าง
E-books : เกี่ยวกับ Collections
LEADER 00000nam 2200000uu 4500
001    212900
003     ULIBM
008    200618s||||||||th 000 0 tha d
020    ^a9786168201039
041    ^atha^beng
060 04 ^aWE855^bต367 2562
245 00 ^aตำรากระดูกข้อสะโพกหักในผู้สูงอายุ =^bTextbook of hip fracture inthe elderly /^cบรรณาธิการ, อาศิส อุนนะนันทน์
246 30 ^aกระดูกข้อสะโพกหักในผู้สูงอายุ
246 31 ^aTextbook of Hip Fracture in the Elderly
250    ^aพิมพ์ครั้งที่ 1
260    ^aกรุงเทพฯ :^bสำนักพิมพ์ศิริราช คณะแพทยศาสตร์ศิริราชพยาบาลมหาวิทยาลัยมหิดล,^c2562
300    ^axxix, 377 หน้า :^bภาพประกอบ ;^c28 ซม.
650  2 ^aHip Injuries^xdiagnosis
650  4 ^aข้อสะโพก
650  4 ^aผู้สูงอายุ
650  4 ^aสะโพกหัก
700 0  ^aอาศิส อุนนะนันทน์,^eบรรณาธิการ
710 2  ^aมหาวิทยาลัยมหิดล. คณะแพทยศาสตร์ศิริราชพยาบาล ภาควิชาศัลยศาสตร์ออร์โธปิดิคส์และกายภาพบำบัด
999    ^aใช้งานได้ทุกระบบ
รายการนี้ยังไม่มีแท็ก
คุณยังไม่ได้ล็อกอิน คุณสามารถมีกิจกรรมร่วมกับเว็บไซต์ได้ แต่ต้องล็อกอินก่อน ::
  ล็อกอิน
ลำดับที่ ประเภท เลขเรียก สถานที่ สถานะ
1. การพยาบาล (ตำราหลัก)
การพยาบาล (ตำราหลัก)
WE855 ต367 2562 ฉ.1 
  
การพยาบาลผู้สูงอายุ On Shelf
  ขอยืม
Note:จัดซื้อปีงบประมาณ 2563
   [แสดง 1/1 รายการ]

รายการใกล้เคียง
    หัวเรื่อง [ข้อสะโพก]
    หัวเรื่อง [ผู้สูงอายุ]
    หัวเรื่อง [สะโพกหัก]

BibComment


ยังไม่เคยถูกคอมเมนท์

คอมเมนท์ทรัพยากรรายการนี้
  คอมเมนท์: ตำรากระดูกข้อสะโ..
Bib 212900

 
 
 

 Union Library Management : ULibM
Copyright 2026. All Rights Reserved.
скачать бесплатно без регистрации порно красивый секс HD Sex Hindi sex

xxx gou

xxxx

bfxxx

xxxwww

Секса Видео

xxxx

Секса Видео

detube

geilexxx

C99 Shell

worms shell

blod xxx video
Ebony Coed Rihanna Rimes Takes A Dick In Her Young Twat priyaa indian fuck anal and pusssy hardcore indian women xxx desi hardcore fucking part 1 bengalixxxcouple